Catálogo
 En Linea

Andrés Bello, conservacionista / (Registro nro. 2578)

Detalles MARC
000 -CABECERA
campo de control de longitud fija 00794cam a2200205 a 4500
001 - NÚMERO DE CONTROL
campo de control 000002744
005 - FECHA Y HORA DE LA ÚLTIMA TRANSACCIÓN
campo de control 20250314113209.0
008 - DATOS DE LONGITUD FIJA--INFORMACIÓN GENERAL
campo de control de longitud fija 880822s1981 ve b f000 0 spa
040 ## - FUENTE DE LA CATALOGACIÓN
Centro catalogador/agencia de origen DO-SdBNP
Centro/agencia transcriptor DLC
Centro/agencia modificador DLC
082 ## - NÚMERO DE LA CLASIFICACIÓN DECIMAL DEWEY
Número de clasificación 924.87
Número de documento/Ítem B446B
100 1# - ENTRADA PRINCIPAL--NOMBRE DE PERSONA
Nombre de persona Bolinaga de Duo, Maria Begoña
9 (RLIN) 8643
245 10 - MENCIÓN DE TÍTULO
Título Andrés Bello, conservacionista /
Mención de responsabilidad, etc. Maria Begoña Bolinaga de Duo.
260 ## - PUBLICACIÓN, DISTRIBUCIÓN, ETC.
Lugar de publicación, distribución, etc. Caracas :
Nombre del editor, distribuidor, etc. Republica de Venezuela, Ministerio del Ambiente y de los Recursos Naturales Renovables,
Fecha de publicación, distribución, etc. 1981.
300 ## - DESCRIPCIÓN FÍSICA
Extensión 74 p. ;
Dimensiones 23 cm.
504 ## - NOTA DE BIBLIOGRAFÍA, ETC.
Nota de bibliografía, etc. Incluye referencias bibliográficas
600 14 - PUNTO DE ACCESO ADICIONAL DE MATERIA--NOMBRE DE PERSONA
Nombre de persona BELLO ANDRÉS
Fechas asociadas al nombre 1781-1865
Subdivisión general CONOCIMIENTO
-- AGRICULTURA
9 (RLIN) 8644
650 #0 - PUNTO DE ACCESO ADICIONAL DE MATERIA--TÉRMINO DE MATERIA
Término de materia o nombre geográfico como elemento de entrada Conservación de los recursos naturales
9 (RLIN) 1562
650 #4 - PUNTO DE ACCESO ADICIONAL DE MATERIA--TÉRMINO DE MATERIA
Término de materia o nombre geográfico como elemento de entrada Recursos naturales
Subdivisión general Poesía
9 (RLIN) 8645
910 ## - DATOS DE OPCIÓN DEL USUARIO (OCLC)
Datos de opción del usuario Catalogación por copia / LC
Existencias
Estado de retiro Estado de pérdida Restricciones de uso No para préstamo Código de colección Localización permanente Ubicación/localización actual Ubicación en estantería Fecha de adquisición Número de inventario Total de préstamos Signatura topográfica completa Código de barras Fecha visto por última vez Precio válido a partir de Tipo de ítem Koha
    Préstamo interno   Monografías: Libros y Folletos General General Depósito 03.07.2009 LF1   924.87 B446B 2744-10 25.06.2020 25.06.2020 Préstamo interno

Con tecnología Koha